Loading...
| Fine Arts - Auditory Fine Arts | 1 | 3 | 1 | 0 | 40 | 60 | 90.00 | 0 | 3 |
| Philosophy | 1 | 2 | 0 | 1 | 35 | 76 | 106.33 | 0 | 2 |
| Science - Physics | 0 | 4 | 2 | 1 | 30 | 82 | 99.25 | 1 | 1 |
| Literature - American Literature | 0 | 2 | 0 | 1 | 20 | 113 | 133.00 | 1 | 1 |
| Science - Other Science | 1 | 1 | 2 | 1 | 15 | 70 | 107.00 | 0 | 1 |
| Literature - World Literature | 0 | 1 | 0 | 0 | 10 | 107 | 107.00 | 0 | 1 |
| Literature - European Literature | 0 | 1 | 1 | 1 | 5 | 147 | 147.00 | 0 | 0 |
| Social Science | 0 | 0 | 1 | 0 | -5 | 0.00 | 0 | 0 | |
| Literature - British Literature | 0 | 0 | 1 | 0 | -5 | 0.00 | 0 | 0 | |
| Fine Arts - Visual Fine Arts | 0 | 0 | 1 | 0 | -5 | 0.00 | 0 | 0 | |
| Science - Biology | 0 | 1 | 3 | 0 | -5 | 94 | 94.00 | 0 | 1 |
| Science - Chemistry | 0 | 0 | 3 | 0 | -15 | 0.00 | 0 | 0 |